[Event "EU-ch U16 rapid"]
[Site "Terme Catez"]
[Date "2023.09.29"]
[Round "7"]
[White "Pidluznij, Gleb"]
[Black "Mikko, Rondo"]
[Result "1-0"]
[WhiteElo "2223"]
[BlackElo "2154"]
[PlyCount "77"]
[EventDate "2023.09.28"]
[EventType "swiss (rapid)"]
[EventRounds "9"]
[EventCountry "SLO"]
[SourceTitle "EXT 2024"]
[Source "ChessBase"]
[SourceDate "2023.10.10"]
[SourceVersion "1"]
[SourceVersionDate "2023.10.10"]
[SourceQuality "1"]

1. e4 g6 2. d4 Bg7 3. Nc3 d5 4. Nxd5 c6 5. Nc3 Qxd4 6. Qxd4 Bxd4 7. Nge2 Bb6 8. f3 e5 9. Na4 Ba5+ 10. c3 b5 11. Nc5 Bb6 12. Be3 Nd7 13. Nxd7 Bxd7 14. Kf2 Ke7 15. Nc1 f5 16. exf5 Bxe3+ 17. Kxe3 gxf5 18. Nd3 Kd6 19. f4 exf4+ 20. Nxf4 Nf6 21. Be2 Rhe8+ 22. Kd2 Rad8 23. Bf3 Be6 24. Kc2 Bd5 25. Rad1 Ne4 26. Nxd5 cxd5 27. Rd4 Re5 28. Rhd1 Rc8 29. a4 a6 30. axb5 axb5 31. Ra1 Rc4 32. Be2 Rc5 33. Ra6+ Rc6 34. Bxb5 Rxa6 35. Bxa6 Kc5 36. Bd3 Re6 37. Ra4 Re7 38. Ra6 Rg7 39. b4# 1-0

[Event "EU-ch U16 rapid"]
[Site "Terme Catez"]
[Date "2023.09.28"]
[Round "3"]
[White "Fishchuk, Vladyslav"]
[Black "Pidluznij, Gleb"]
[Result "1-0"]
[WhiteElo "2161"]
[BlackElo "2223"]
[PlyCount "117"]
[EventDate "2023.09.28"]
[EventType "swiss (rapid)"]
[EventRounds "9"]
[EventCountry "SLO"]
[SourceTitle "EXT 2024"]
[Source "ChessBase"]
[SourceDate "2023.10.10"]
[SourceVersion "1"]
[SourceVersionDate "2023.10.10"]
[SourceQuality "1"]

1. e4 c6 2. Nc3 d5 3. Nf3 dxe4 4. Nxe4 Nf6 5. Qe2 Nxe4 6. Qxe4 Qd5 7. Qh4 Qe6+ 8. Be2 Qg4 9. Qg3 g6 10. Ng5 Qxg3 11. hxg3 h6 12. Bc4 e6 13. Ne4 Nd7 14. d4 Bg7 15. c3 h5 16. Bg5 0-0 17. a4 a5 18. 0-0-0 b6 19. Rde1 Ba6 20. Bb3 b5 21. axb5 Bxb5 22. Nd6 a4 23. Ba2 Ba6 24. g4 hxg4 25. Rxe6 Nb6 26. Rxg6 Nd5 27. Rxg7+ Kxg7 28. Bh6+ Kg6 29. Bb1+ Kf6 30. Bxf8 Rxf8 31. Ne4+ Ke7 32. Nc5 Bc4 33. Nxa4 Ra8 34. Nc5 Ra1 35. Kd2 Nf4 36. Re1+ Kd8 37. g3 Nh3 38. Bd3 Rxe1 39. Kxe1 Bd5 40. Be4 Ng5 41. Bxd5 cxd5 42. Kd2 Kc7 43. Ke3 Kc6 44. Nd3 Kb5 45. b3 Kc6 46. c4 dxc4 47. bxc4 f6 48. d5+ Kd6 49. Kf4 Nf3 50. Kxg4 Nd2 51. Nb2 Ke5 52. f4+ Kd6 53. Kf5 Nf1 54. g4 Ne3+ 55. Kxf6 Nxg4+ 56. Kg5 Nf2 57. f5 Ke5 58. f6 Ne4+ 59. Kg6 1-0

[Event "EU-ch U16 rapid"]
[Site "Terme Catez"]
[Date "2023.09.28"]
[Round "6"]
[White "Pidluznij, Gleb"]
[Black "Tomljanovic, Ivano"]
[Result "1-0"]
[WhiteElo "2223"]
[BlackElo "1672"]
[PlyCount "221"]
[EventDate "2023.09.28"]
[EventType "swiss (rapid)"]
[EventRounds "9"]
[EventCountry "SLO"]
[SourceTitle "EXT 2024"]
[Source "ChessBase"]
[SourceDate "2023.10.10"]
[SourceVersion "1"]
[SourceVersionDate "2023.10.10"]
[SourceQuality "1"]

1. d4 Nf6 2. c4 e6 3. Nf3 d5 4. g3 Be7 5. Bg2 0-0 6. 0-0 c6 7. Qc2 Nbd7 8. Nbd2 Re8 9. e4 dxe4 10. Nxe4 Nxe4 11. Qxe4 Nf6 12. Qe2 c5 13. Rd1 Qb6 14. Be3 Bd7 15. dxc5 Bxc5 16. Bxc5 Qxc5 17. Ne5 Bc6 18. Nxc6 bxc6 19. b4 Qb6 20. b5 Red8 21. Bxc6 Rab8 22. Rxd8+ Rxd8 23. Rd1 Rd4 24. Kg2 h5 25. Rxd4 Qxd4 26. Qe3 Qxc4 27. Qxa7 Nd5 28. Qa3 h4 29. Qa8+ Kh7 30. Bxd5 exd5 31. Qe8 h3+ 32. Kxh3 Qf1+ 33. Kg4 Qxf2 34. a3 d4 35. Qe4+ f5+ 36. Qxf5+ Qxf5+ 37. Kxf5 d3 38. b6 d2 39. b7 d1Q 40. b8Q Qf3+ 41. Qf4 Qxa3 42. h4 Qa2 43. Kg5 Qa6 44. Qe4+ Kh8 45. h5 Qb5+ 46. Qf5 Qb8 47. Kg4 Qb4+ 48. Qf4 Qb6 49. Qe5 Qa6 50. Kh4 Qc6 51. g4 Qb6 52. Kg5 Qh6+ 53. Kf5 Qd2 54. Qe8+ Kh7 55. Qe4 Kh8 56. Ke6 Qa2+ 57. Qd5 Qe2+ 58. Kf7 Qf2+ 59. Qf5 Qa7+ 60. Kg6 Qb6+ 61. Kg5 Qe3+ 62. Kg6 Qb6+ 63. Kf7 Qc7+ 64. Ke8 Qb8+ 65. Ke7 Qb4+ 66. Ke6 Qc4+ 67. Ke5 Qc5+ 68. Ke4 Qc2+ 69. Kf4 Qd2+ 70. Kg3 Qe1+ 71. Kh2 Qe2+ 72. Kh3 Qe3+ 73. Kh4 Qe1+ 74. Kg5 Qe7+ 75. Kf4 Qd6+ 76. Qe5 Qc6 77. g5 Qc1+ 78. Qe3 Qc4+ 79. Kg3 Qc7+ 80. Qf4 Qc3+ 81. Kg4 Qc8+ 82. Kh4 Qd8 83. Qe5 Kh7 84. Qe4+ Kh8 85. Kg4 Qd7+ 86. Kf4 Qf7+ 87. Kg4 Qd7+ 88. Kh4 Qd8 89. Qe5 Kh7 90. Qc5 Kh8 91. Qc3 Kh7 92. Qc2+ Kh8 93. Qe4 Kg8 94. h6 gxh6 95. Qe6+ Kh8 96. Qxh6+ Kg8 97. Qe6+ Kg7 98. Qh6+ Kg8 99. Qg6+ Kh8 100. Qh6+ Kg8 101. Qg6+ Kh8 102. Qf7 Qg8 103. Qf6+ Qg7 104. Kh5 Kg8 105. Qe6+ Kf8 106. g6 Qh8+ 107. Kg5 Qg7 108. Qf6+ Kg8 109. Qd8+ Qf8 110. Qxf8+ Kxf8 111. Kf6 1-0

[Event "Marijampole Buzas Memorial"]
[Site "Marijampole"]
[Date "2023.08.26"]
[Round "6"]
[White "Nainys, Zanas1111"]
[Black "Pidluznij, Gleb"]
[Result "0-1"]
[WhiteElo "2012"]
[BlackElo "2143"]
[PlyCount "77"]
[EventDate "2023.08.26"]
[EventType "swiss (rapid)"]
[EventRounds "9"]
[EventCountry "LTU"]
[SourceTitle "EXT 2024"]
[Source "ChessBase"]
[SourceDate "2023.10.10"]
[SourceVersion "1"]
[SourceVersionDate "2023.10.10"]
[SourceQuality "1"]

1. d4 Nf6 2. c4 e6 3. Nf3 a6 4. Nc3 d5 5. cxd5 exd5 6. Bg5 Be6 7. e3 Nbd7 8. Qc2 c6 9. Bd3 Bd6 10. 0-0 h6 11. Bf4 Qc7 12. Bxd6 Qxd6 13. h3 0-0 14. a3 Ne8 15. b4 Qe7 16. Rab1 b5 17. Ne2 Nd6 18. Ng3 f5 19. Ne5 Nxe5 20. dxe5 Nc4 21. Bxc4 dxc4 22. f4 Rad8 23. Rbd1 Qf7 24. Ne2 Bd5 25. Nc3 Qe6 26. Rd4 Rd7 27. Rfd1 Rfd8 28. Qd2 Qf7 29. Qe2 Be6 30. Rxd7 Rxd7 31. Rxd7 Qxd7 32. Qd1 Qe7 33. Qd4 a5 34. bxa5 Qxa3 35. Qb6 b4 36. Nb1 Qc1+ 37. Kh2 Bd5 38. a6 Qc2 39. Nd2 0-1

[Event "Marijampole Buzas Memorial"]
[Site "Marijampole"]
[Date "2023.08.26"]
[Round "8"]
[White "Pidluznij, Gleb"]
[Black "Vardanyan, Aras"]
[Result "1/2-1/2"]
[WhiteElo "2143"]
[BlackElo "2275"]
[PlyCount "115"]
[EventDate "2023.08.26"]
[EventType "swiss (rapid)"]
[EventRounds "9"]
[EventCountry "LTU"]
[SourceTitle "EXT 2024"]
[Source "ChessBase"]
[SourceDate "2023.10.10"]
[SourceVersion "1"]
[SourceVersionDate "2023.10.10"]
[SourceQuality "1"]

1. e4 g6 2. d4 Bg7 3. Nc3 d6 4. Be3 a6 5. Nf3 b5 6. h4 Nf6 7. h5 Nxh5 8. Ng5 h6 9. Nxf7 Kxf7 10. Qf3+ Kg8 11. e5 Ra7 12. g4 dxe5 13. d5 Nf4 14. Bxa7 Nd7 15. Be3 Nf6 16. Bxf4 Bxg4 17. Qg3 exf4 18. Qxf4 g5 19. Qe5 b4 20. Ne4 Bf3 21. Nxf6+ Bxf6 22. Qe6+ Kg7 23. Rh3 Bxd5 24. Qxa6 Bxb2 25. Rd1 e6 26. Bc4 Bc3+ 27. Ke2 Qa8 28. Qb5 c6 29. Qc5 Rf8 30. Bxd5 exd5 31. Re3 Qxa2 32. Rxc3 bxc3 33. Qxc3+ Rf6 34. Rd3 Qc4 35. Qxc4 dxc4 36. Rd4 h5 37. Rxc4 h4 38. Kf1 Kg6 39. Kg2 Kh5 40. Rc5 Kg4 41. Rc4+ Kf5 42. Rc5+ Kg6 43. Rc4 Kf7 44. Rc5 g4 45. Rh5 h3+ 46. Kg3 Rf3+ 47. Kxg4 Rxf2 48. Rxh3 Rxc2 49. Kf5 Rc5+ 50. Ke4 Ke6 51. Rh6+ Kd7 52. Kd4 Rc1 53. Rh7+ Kd6 54. Rh5 c5+ 55. Kd3 Kc6 56. Rh8 Rg1 57. Kc4 Rg4+ 58. Kc3 1/2-1/2

[Event "World ol U16"]
[Site "Eindhoven"]
[Date "2023.08.17"]
[Round "7.15"]
[White "Pidluznij, Gleb"]
[Black "Fu, Yihe Rebo"]
[Result "1-0"]
[WhiteElo "2237"]
[BlackElo "2044"]
[PlyCount "69"]
[EventDate "2023.08.13"]
[EventType "team-swiss"]
[EventRounds "9"]
[EventCountry "NED"]
[SourceTitle "CBM 215 Extra"]
[Source "ChessBase"]
[SourceDate "2023.09.30"]
[SourceVersion "1"]
[SourceVersionDate "2023.09.30"]
[SourceQuality "1"]
[WhiteTeam "Lithuania"]
[BlackTeam "Australia"]
[WhiteTeamCountry "LTU"]
[BlackTeamCountry "AUS"]

1. c4 Nf6 2. Nc3 e6 3. e4 d5 4. e5 d4 5. exf6 dxc3 6. bxc3 Qxf6 7. Nf3 Bd6 8. Bd3 e5 9. Be4 Qe7 10. 0-0 f5 11. Bc2 0-0 12. Re1 Qf6 13. c5 Bxc5 14. Bb3+ Kh8 15. Rxe5 Bd6 16. Re1 f4 17. d4 Bf5 18. Ne5 Bg6 19. Qf3 Nc6 20. Nxg6+ Qxg6 21. Bd2 Na5 22. Re6 Rf6 23. Rxf6 Qxf6 24. Re1 Nxb3 25. Qxb7 Rf8 26. axb3 Qf5 27. Qe4 Qb5 28. c4 Qxb3 29. c5 Qb2 30. cxd6 Qxd2 31. d7 Rg8 32. d8Q Qxe1+ 33. Qxe1 Rxd8 34. Qe7 Rb8 35. h4 1-0

[Event "Riga Tech Rapid op"]
[Site "Riga"]
[Date "2023.08.06"]
[Round "8"]
[White "Kordzadze, Nino"]
[Black "Pidluznij, Gleb"]
[Result "0-1"]
[WhiteElo "1966"]
[BlackElo "2237"]
[PlyCount "134"]
[EventDate "2023.08.06"]
[EventType "swiss (rapid)"]
[EventRounds "9"]
[EventCountry "LAT"]
[SourceTitle "CBM 215 Extra"]
[Source "ChessBase"]
[SourceDate "2023.09.30"]
[SourceVersion "1"]
[SourceVersionDate "2023.09.30"]
[SourceQuality "1"]

1. d4 d5 2. c4 e6 3. Nf3 a6 4. c5 b6 5. cxb6 c5 6. e3 Qxb6 7. Nc3 Nd7 8. Be2 Ngf6 9. 0-0 cxd4 10. Qxd4 Bc5 11. Qa4 0-0 12. Bd3 Bb7 13. Qh4 e5 14. Bf5 Bd6 15. e4 d4 16. Ne2 Rfe8 17. Ng3 Bf8 18. Bg5 h6 19. Bd2 Nc5 20. b4 Ncd7 21. a4 Rac8 22. Rab1 Rc4 23. Qh3 Qd6 24. a5 Bc6 25. Bc1 Bb5 26. Re1 Nb8 27. Bg4 Nxg4 28. Qxg4 Qe6 29. Nf5 Qg6 30. Qh3 Nc6 31. N3h4 Qf6 32. Rb3 Rc3 33. Rxc3 dxc3 34. Qg3 Kh7 35. Rd1 Bxb4 36. h3 Bxa5 37. Rd6 Re6 38. Rd7 Nd4 39. Nxd4 Bxd7 40. Nxe6 Bxe6 41. Nf3 Qd8 42. Be3 c2 43. Kh2 Qd1 44. Qxe5 Bb4 45. Qd4 Qxd4 46. Nxd4 a5 47. f4 Bc4 48. Nxc2 Bc3 49. Na3 Bd3 50. e5 Bb4 51. Bc1 h5 52. Kg3 Kg6 53. Kf3 h4 54. g3 hxg3 55. Kxg3 Kf5 56. Kf3 Bc5 57. h4 g6 58. Bb2 a4 59. Bc1 Bd4 60. Bd2 Bb2 61. Ke3 Bxa3 62. Kxd3 Be7 63. Kd4 a3 64. Kd5 Bxh4 65. e6 fxe6+ 66. Kd6 a2 67. Bc3 Bf6 0-1

[Event "Vilnius Elite op"]
[Site "Vilnius"]
[Date "2023.07.06"]
[Round "2"]
[White "Pidluznij, Gleb"]
[Black "Stremavicius, Pijus"]
[Result "0-1"]
[WhiteElo "2233"]
[BlackElo "2401"]
[PlyCount "112"]
[EventDate "2023.07.05"]
[EventType "swiss"]
[EventRounds "8"]
[EventCountry "LTU"]
[SourceTitle "CBM 215 Extra"]
[Source "ChessBase"]
[SourceDate "2023.09.30"]
[SourceVersion "1"]
[SourceVersionDate "2023.09.30"]
[SourceQuality "1"]

1. c4 d6 2. g3 g6 3. Bg2 Bg7 4. d4 e5 5. dxe5 dxe5 6. Qxd8+ Kxd8 7. Nf3 f6 8. 0-0 Be6 9. b3 Nd7 10. Bb2 Nh6 11. Nbd2 Nf7 12. Ne4 c6 13. Rfd1 Kc7 14. Rd2 Rhd8 15. Rad1 Bf8 16. e3 Be7 17. Ne1 a5 18. Nc3 f5 19. Bd5 Nc5 20. Bxe6 Rxd2 21. Rxd2 Nxe6 22. Kf1 g5 23. f3 h5 24. g4 hxg4 25. fxg4 f4 26. exf4 gxf4 27. Nf3 Bb4 28. Re2 Nd4 29. Nxd4 exd4 30. Nd1 f3 31. Re4 d3 32. Rf4 Ng5 33. h4 Re8 34. Bc3 Ne4 35. Rxf3 Nxc3 36. Nxc3 Bxc3 37. Rxd3 Bb2 38. Kf2 Rh8 39. h5 Bc1 40. Kg3 Bg5 41. Rf3 Kd6 42. Rf7 b6 43. Rg7 Bd2 44. Kh4 Be1+ 45. Kg5 a4 46. Kg6 Bc3 47. h6 axb3 48. axb3 Re8 49. Kf7 Re7+ 50. Kf8 Re4 51. g5 Rh4 52. h7 Ke6 53. g6 Kf5 54. Kg8 Bxg7 55. Kxg7 c5 56. Kf7 Rh6 0-1

[Event "LTU-ch sf"]
[Site "Vilnius"]
[Date "2023.04.16"]
[Round "9"]
[White "Pidluznij, Gleb"]
[Black "Kalvaitis, Sigitas"]
[Result "1-0"]
[WhiteElo "2259"]
[BlackElo "2168"]
[PlyCount "123"]
[EventDate "2023.04.11"]
[EventType "swiss"]
[EventRounds "9"]
[EventCountry "LTU"]
[SourceTitle "CBM 213 Extra"]
[Source "ChessBase"]
[SourceDate "2023.05.31"]
[SourceVersion "1"]
[SourceVersionDate "2023.05.31"]
[SourceQuality "1"]

1. e4 e5 2. Nf3 Nf6 3. Nxe5 d6 4. Nf3 Nxe4 5. d3 Nf6 6. d4 Be7 7. Bd3 Bg4 8. h3 Bh5 9. 0-0 0-0 10. Bg5 Nbd7 11. Re1 Re8 12. Nbd2 Nd5 13. Bxe7 Rxe7 14. Rxe7 Qxe7 15. c3 Nf4 16. Bf1 Re8 17. Qb3 Rb8 18. g3 Ne6 19. Re1 Qf6 20. Bg2 Ndf8 21. Nh2 Bg6 22. Ng4 Qd8 23. f4 c6 24. Ne3 f5 25. d5 Nc5 26. Qc2 Qd7 27. b4 Ne4 28. Nxe4 fxe4 29. g4 Re8 30. Qd2 Bf7 31. c4 b5 32. cxb5 cxd5 33. a4 d4 34. Qxd4 d5 35. f5 Rd8 36. Rd1 Qe7 37. a5 h5 38. b6 axb6 39. axb6 hxg4 40. hxg4 Nh7 41. Bxe4 Re8 42. Nxd5 Qh4 43. Bg2 Re1+ 44. Rxe1 Qxe1+ 45. Bf1 Qg3+ 46. Kh1 Qh4+ 47. Kg2 Ng5 48. Ne3 Qh3+ 49. Kf2 Qf3+ 50. Ke1 Kh7 51. Be2 Qh1+ 52. Kd2 Bb3 53. Qf4 Ne4+ 54. Kd3 Qb1+ 55. Kd4 Nf6 56. Bd3 Qa1+ 57. Kc5 Qa8 58. Qh2+ Kg8 59. Qc7 Qf8+ 60. Kd4 Qe8 61. b7 Nd7 62. Qc8 1-0

[Event "LTU-ch sf"]
[Site "Vilnius"]
[Date "2023.04.15"]
[Round "8"]
[White "Posaskov, Nikita"]
[Black "Pidluznij, Gleb"]
[Result "0-1"]
[WhiteElo "2185"]
[BlackElo "2259"]
[PlyCount "178"]
[EventDate "2023.04.11"]
[EventType "swiss"]
[EventRounds "9"]
[EventCountry "LTU"]
[SourceTitle "CBM 213 Extra"]
[Source "ChessBase"]
[SourceDate "2023.05.31"]
[SourceVersion "1"]
[SourceVersionDate "2023.05.31"]
[SourceQuality "1"]

1. e4 c6 2. d4 d5 3. e5 Bf5 4. Nf3 e6 5. Be2 Nd7 6. 0-0 a6 7. a4 Rc8 8. a5 c5 9. c3 h6 10. Be3 cxd4 11. cxd4 Ne7 12. b4 Nc6 13. b5 axb5 14. Bxb5 Be7 15. Qa4 0-0 16. Nbd2 Ndb8 17. Rfc1 Na7 18. Be2 Na6 19. Nb3 Bc2 20. Ne1 Nb4 21. Bd2 Bxb3 22. Qxb3 Rxc1 23. Rxc1 Nac6 24. Bc3 Qxa5 25. Rb1 Qa2 26. Bb5 Qxb3 27. Rxb3 Na2 28. Bxc6 bxc6 29. Bd2 Ra8 30. Rb7 Bd8 31. Rb2 Be7 32. Rb7 Ba3 33. Rb1 c5 34. dxc5 Bxc5 35. Nd3 Bd4 36. Rb3 Rc8 37. Kf1 Rc2 38. Ke1 Bc3 39. Rb8+ Kh7 40. Bxc3 Rxc3 41. Kd2 Rc7 42. Rb3 d4 43. f3 Nc3 44. Rb4 Rd7 45. g4 g5 46. h3 Kg7 47. Rb6 Ra7 48. Rb4 Ra2+ 49. Ke1 Re2+ 50. Kf1 Re3 51. Ne1 Rxe5 52. Rxd4 Ne2 53. Rd2 Nf4 54. Rh2 Ra5 55. Kf2 Ra2+ 56. Kg3 Ne2+ 57. Kf2 Nd4+ 58. Kg3 Ne2+ 59. Kf2 Nf4+ 60. Kg3 Ra1 61. Nc2 Rg1+ 62. Kf2 Rd1 63. Kg3 Kf6 64. h4 Rg1+ 65. Kf2 Rc1 66. hxg5+ hxg5 67. Ke3 Ke5 68. Rd2 Rh1 69. Rd7 Nd5+ 70. Kd2 Rh2+ 71. Kd3 f6 72. Nd4 Ra2 73. Nc6+ Kf4 74. Nd4 Ra6 75. Ke2 Kg3 76. Rd8 Nf4+ 77. Ke3 Ra3+ 78. Ke4 Ra1 79. Ke3 Re1+ 80. Kd2 Kf2 81. Rd6 Re3 82. Nc2 Rxf3 83. Rd8 Rg3 84. Rf8 Rd3+ 85. Kc1 Ne2+ 86. Kb2 Rf3 87. Nb4 Kg3 88. Re8 Nf4 89. Rf8 Kxg4 0-1

[Event "LTU-ch sf"]
[Site "Vilnius"]
[Date "2023.04.12"]
[Round "2"]
[White "Povilaitis, Matas Arunas"]
[Black "Pidluznij, Gleb"]
[Result "1/2-1/2"]
[WhiteElo "1904"]
[BlackElo "2259"]
[PlyCount "61"]
[EventDate "2023.04.11"]
[EventType "swiss"]
[EventRounds "9"]
[EventCountry "LTU"]
[SourceTitle "CBM 213 Extra"]
[Source "ChessBase"]
[SourceDate "2023.05.31"]
[SourceVersion "1"]
[SourceVersionDate "2023.05.31"]
[SourceQuality "1"]

1. d4 Nf6 2. Nf3 d5 3. g3 c5 4. c3 e6 5. Bg2 Nc6 6. 0-0 Be7 7. Nbd2 0-0 8. Nb3 b6 9. h3 a5 10. a4 Ba6 11. Be3 Ne4 12. Nfd2 Nxd2 13. Qxd2 c4 14. Nc1 b5 15. axb5 Bxb5 16. Qd1 a4 17. Bd2 f5 18. Bf4 a3 19. bxa3 Rxa3 20. Rxa3 Bxa3 21. Bd2 Qb6 22. e3 Qc7 23. Ne2 Ra8 24. Nf4 Qd6 25. Qb1 Ba4 26. Qa1 Bc2 27. Bc1 Ra5 28. Bxa3 Rxa3 29. Qb2 Bb3 30. Ra1 Rxa1+ 31. Qxa1 1/2-1/2

[Event "LTU-ch sf"]
[Site "Vilnius"]
[Date "2023.04.11"]
[Round "1"]
[White "Pidluznij, Gleb"]
[Black "Mickunaite, Agne"]
[Result "1-0"]
[WhiteElo "2259"]
[BlackElo "1566"]
[PlyCount "115"]
[EventDate "2023.04.11"]
[EventType "swiss"]
[EventRounds "9"]
[EventCountry "LTU"]
[SourceTitle "CBM 213 Extra"]
[Source "ChessBase"]
[SourceDate "2023.05.31"]
[SourceVersion "1"]
[SourceVersionDate "2023.05.31"]
[SourceQuality "1"]

1. e4 c5 2. Nf3 d6 3. Bb5+ Bd7 4. Bxd7+ Nxd7 5. 0-0 e6 6. d4 Ngf6 7. e5 dxe5 8. dxe5 Nd5 9. Qe2 Be7 10. Rd1 Qc7 11. c4 Nb4 12. Nc3 0-0 13. Bf4 a6 14. h4 Nb6 15. h5 h6 16. Rd2 Rad8 17. Rad1 Rxd2 18. Rxd2 Rd8 19. b3 Rxd2 20. Bxd2 Qd7 21. Qe4 Nc6 22. Be3 Qc7 23. g4 Nd7 24. Bf4 Qa5 25. Qd3 Nf8 26. Kg2 Nb4 27. Qe2 Nd7 28. a4 Nb8 29. g5 hxg5 30. Bxg5 Qd8 31. Ne4 N8c6 32. Bxe7 Qxe7 33. Qe3 b6 34. h6 Qf8 35. h7+ Kh8 36. Qf4 Nd3 37. Qg3 Qa8 38. Kf1 Qf8 39. Neg5 Ne7 40. Nh4 Nb4 41. Qf3 f5 42. Nxe6 Qc8 43. Ng5 Nbc6 44. Qh5 Nxe5 45. Nf7+ Nxf7 46. Qxf7 Qd8 47. Qxe7 Qd1+ 48. Qe1 Qxb3 49. Qe8+ Kxh7 50. Qg6+ Kg8 51. Qe6+ Kh8 52. Qc8+ Kh7 53. Qxf5+ Kg8 54. Qe6+ Kh7 55. Kg2 Qxa4 56. Nf3 b5 57. Ng5+ Kh8 58. Qe8# 1-0

[Event "EU-ch Rapid"]
[Site "Katowice"]
[Date "2022.12.18"]
[Round "10"]
[White "Pidluznij, Gleb"]
[Black "Haydon, David Leslie"]
[Result "1/2-1/2"]
[WhiteElo "2159"]
[BlackElo "2289"]
[PlyCount "153"]
[EventDate "2022.12.17"]
[EventType "swiss (rapid)"]
[EventRounds "11"]
[EventCountry "POL"]
[SourceTitle "CBM 211 Extra"]
[Source "ChessBase"]
[SourceDate "2023.01.31"]
[SourceVersion "1"]
[SourceVersionDate "2023.01.31"]
[SourceQuality "1"]

1. e4 c6 2. d4 d5 3. exd5 cxd5 4. Bd3 Nc6 5. c3 Nf6 6. h3 g6 7. Nf3 Bf5 8. Be2 Qc7 9. 0-0 Bg7 10. Be3 0-0 11. Nbd2 Rfd8 12. Re1 Ne4 13. Qc1 Rac8 14. Nb3 Qd7 15. Bh6 Bf6 16. Qe3 b6 17. Bf4 Nd6 18. Nbd2 h5 19. Ne5 Bxe5 20. Bxe5 Nxe5 21. dxe5 Nc4 22. Bxc4 dxc4 23. Nf3 Kg7 24. Nd4 e6 25. Rad1 Qe7 26. Qf4 Bd3 27. h4 Rd5 28. Re3 Rcc5 29. f3 a5 30. a3 b5 31. b4 axb4 32. axb4 Rc7 33. Ra1 Ra7 34. Qf6+ Kh7 35. Qxe7 Rxe7 36. Ra5 Rb7 37. Re1 Kh6 38. f4 Bf5 39. Kf2 Kg7 40. Rea1 f6 41. Ra7 Rbd7 42. Rxd7+ Rxd7 43. Ra5 fxe5 44. fxe5 g5 45. hxg5 Kg6 46. Rxb5 Kxg5 47. Rc5 Ra7 48. Rxc4 Ra2+ 49. Kg1 Be4 50. Nxe6+ Kf5 51. Nd4+ Kxe5 52. Rc5+ Kf4 53. Rxh5 Rxg2+ 54. Kf1 Rb2 55. Ke1 Rb1+ 56. Kd2 Rb2+ 57. Kc1 Rb1+ 58. Kd2 Rb2+ 59. Ke1 Rb1+ 60. Kf2 Rb2+ 61. Ne2+ Rxe2+ 62. Kxe2 Bf3+ 63. Kd3 Bxh5 64. Kd4 Kf5 65. Kd5 Bf3+ 66. Kd6 Ke4 67. Kc5 Ke5 68. c4 Ke6 69. Kb6 Kd7 70. b5 Kc8 71. c5 Be2 72. c6 Bxb5 73. Kxb5 Kc7 74. Kc5 Kc8 75. Kd6 Kd8 76. c7+ Kc8 77. Kc6 1/2-1/2